=LDR 00000nam 2200000 4500 =001 INLIS000000000004891 =005 20130612093147 =008 ***********************************Ind** =035 ##$$0010-061300000004891 =041 ##$$a Ind =082 ##$$a 778 =090 ##$$a 778, Fei s =100 ##$$a FEIMINGER, Andreas =245 ##$$a Segi teknik fotografi / oleh Andreas Feiminger ; Editor, RM. Sularko. -- =260 ##$$a 1994 $b Semarang : Dahara Prize =300 ##$$a 114 hlm. : ilus. ; 21 cm =650 ##$$a Fotografi - Teknik =700 ##$$a SULARKO, RM =850 ##$$a NBPNMAT